000 01464cam a2200361 a 4500
001 0000000052
005 20170406112329.0
008 xx m a000 0
020 _a1400033438 (pbk.)
020 _a0394480449
020 _a0375415351
020 _a0452283868 (pbk.)
090 _aPS3563 MOR 2004
100 1 _aMorrison, Toni.
245 1 0 _aSula /
_cToni Morrison ; [with a new foreword by the author].
250 _a1st Vintage International ed.
260 _aNew York :
_bVintage International,
_c2004.
300 _axvii, 174 p. ;
_c21 cm.
520 _aA cloth bag containing ten copies of the title, that may also include a folder with miscellaneous notes, discussion questions, biographical information, and reading lists to assist book group discussion leaders.
650 0 _aAfrican American women
_vFiction.
650 0 _aCity and town life
_vFiction.
650 0 _aFemale friendship
_vFiction.
651 0 _aOhio
_vFiction.
653 _aBook group discussion kits.
653 _aBook club bag.
655 0 _aDomestic fiction.
655 7 _aDomestic fiction.
_2lcsh.
856 4 2 _3Contributor biographical information
_uhttp://www.loc.gov/catdir/bios/random051/2004555327.html
856 4 1 _3Sample text
_uhttp://www.loc.gov/catdir/samples/random051/2004555327.html
856 4 2 _3Publisher description
_uhttp://www.loc.gov/catdir/description/random051/2004555327.html
908 _a120904
913 _a-
999 _c37
_d37